Phule's paradise #2/ Robert Asprin.
Available copies
- 1 of 1 copy available at LARL/NWRL Consortium. (Show)
- 1 of 1 copy available at Northwest Regional Library.
Current holds
0 current holds with 1 total copy.
Show Only Available Copies
| Location | Call Number / Copy Notes | Barcode | Shelving Location | Status | Due Date |
|---|---|---|---|---|---|
| Roseau Public Library | pb ASP (Text) | 35500002404604 | Main | Available | - |
Record details
- ISBN: 0441662536 (pbk.) :
- Physical Description: 252 p. ; 18 cm.
- Publisher: New York : Ace Books, 1992.
Search for related items by series
| LDR | 00642cam a2200193Ia 4500 | ||
|---|---|---|---|
| 001 | 10384 | ||
| 003 | LARL_NWRL_CONSORTIUM | ||
| 005 | 19920312152442.0 | ||
| 008 | 920131s1992 nyu 000 1 eng d | ||
| 020 | . | ‡a0441662536 (pbk.) : ‡c$4.99 | |
| 035 | . | ‡a(OCoLC)25195006 | |
| 092 | . | ‡aFICTION | |
| 100 | 1 | . | ‡aAsprin, Robert. ‡0(LARL_NWRL_CONSORTIUM)58223 |
| 245 | 1 | 0. | ‡aPhule's paradise ‡n#2/ ‡cRobert Asprin. |
| 260 | . | ‡aNew York : ‡bAce Books, ‡c1992. | |
| 300 | . | ‡a252 p. ; ‡c18 cm. | |
| 490 | 0 | . | ‡aPhule ; ‡v2 |
| 901 | . | ‡a10384 ‡bOCLC ‡c10384 ‡tbiblio | |

Add to basket
Permalink
Enable Highlighting